Segunda encuesta de situación del empleo: junio 1974
Situación del empleo en las principales ciudades de Nicaragaua, a junio de 1974. Situación del empleo y las condiciones habitacionales de la población de: Managua, Chinandega, León, Granada, Masaya, Jinotepe y Diriamba. Los resultados se comparan con los obtenidos en encuesta similar de 1973 revelan...
Збережено в:
| Співавтор: | |
|---|---|
| Формат: | Текст |
| Опубліковано: |
Managua:
Oficina Ejecutiva de Encuestas y Censos
|
| Предмети: | |
| Теги: |
Додати тег
Немає тегів, Будьте першим, хто поставить тег для цього запису!
|
MARC
| LEADER | 00000 a a2200000 04500 | ||
|---|---|---|---|
| 001 | 19984 | ||
| 003 | |||
| 040 | |||
| 090 | |a 081600 | ||
| 110 | |a Nicaragua. Oficina Ejecutiva de Encuestas y Censos | ||
| 245 | |a Segunda encuesta de situación del empleo: junio 1974 | ||
| 260 | |a Managua: |b Oficina Ejecutiva de Encuestas y Censos | ||
| 300 | |a 73 p. | ||
| 520 | |a Situación del empleo en las principales ciudades de Nicaragaua, a junio de 1974. Situación del empleo y las condiciones habitacionales de la población de: Managua, Chinandega, León, Granada, Masaya, Jinotepe y Diriamba. Los resultados se comparan con los obtenidos en encuesta similar de 1973 revelandose una recuperación en las tasas globales de actividad económica y una disminución del desempleo./ACM | ||
| 650 | |a ENCUESTAS | ||
| 650 | |a EMPLEO | ||
| 650 | |a DESEMPLEO | ||
| 650 | |a VIVIENDA | ||
| 999 | |c 15300 |d 15300 | ||
